|
|
|
|
| LEADER |
00000cam a2200000 7i4500 |
| 001 |
0000002831 |
| 005 |
20040120.0 |
| 020 |
0 |
0 |
|a 0859540782
|
| 090 |
0 |
0 |
|a 624.1834
|b HAW 1978
|
| 100 |
1 |
0 |
|a HAWKES
|h A. J.
|
| 245 |
1 |
0 |
|a Technical evaluation of wood wool/cement slabs made from pinus caribaea grown in Fiji
|c A. J. Hawkes and A. P. Robinson
|
| 260 |
0 |
0 |
|a London :
|b Tropical Products Institute ,
|c 1978
|
| 300 |
|
|
|a 28 p. :
|b ill. ;
|c 30 cm.
|
| 440 |
0 |
0 |
|a Tropical Products Institute; L48
|
| 650 |
0 |
0 |
|a Concrete construction
|
| 650 |
0 |
0 |
|a Fiberboard
|
| 700 |
0 |
1 |
|a Robinson
|h A. P.
|
| 998 |
|
|
|a JPSM
|
| 999 |
|
|
|a 0000004479
|b Monograph
|c Open Shelf
|e Default branch
|